LEADER 02885oam 2200493 450 001 9910426055703321 005 20210417165634.0 010 $a1-4614-8678-5 024 7 $a10.1007/978-1-4614-8678-7 035 $a(CKB)4100000011558632 035 $a(DE-He213)978-1-4614-8678-7 035 $a(MiAaPQ)EBC6385017 035 $a(PPN)25250299X 035 $a(EXLCZ)994100000011558632 100 $a20210417d2020 uy 0 101 0 $aeng 135 $aurnn|008mamaa 181 $ctxt$2rdacontent 182 $cc$2rdamedia 183 $acr$2rdacarrier 200 00$aEncyclopedia of medical immunology $eimmunodeficiency diseases /$fedited by Ian R. MacKay, 3 others 205 $a1st ed. 2020. 210 1$aNew York, New York :$cSpringer,$d[2020] 210 4$d©2020 215 $a1 online resource (73 illus., 60 illus. in color. eReference.) 311 $a1-4614-8679-3 311 $a1-4614-8677-7 327 $aFrom the Content: Complement Deficiencies -- Dysregulation -- Defects in Innate Immunity -- Combined Immunodeficiencies -- Combined Immunodeficiencies with Associated or Syndromic Features -- Predominantly Antibody deficiency -- Autoinflammatory Disorders -- Defects of Phagocyte Number, Function, or Both -- Evaluation and Management of Immunodeficiency. 330 $aVolume Immunodeficiency Diseases in Springer?s gold-standard reference work on medical immunology focuses on infectious diseases. In tandem with its three counterpart volumes it offers the most wide-ranging and authoritative repository of knowledge on infectious diseases, with readily accessed contributions by the world?s leading authorities on the subject. The encyclopedia covers the material from all angles, with more than 1000 pages of essays on the genetics, physiology, metabolism, pathogenesis and applied microbiology of all known infectious diseases, and includes access to an e-reference work that will include ongoing updates reflecting the latest advances in the field. An outstanding new resource of immense value to a wide range of medical researchers and practitioners, the encyclopedia features a user-friendly subdivision of diseases according to their affective locus in the human body. The sections cover integumentary, skeletal, respiratory, digestive, urinary, and reproductive transmissible pathogens. This high-profile encyclopedia will be an essential addition to academic libraries worldwide. 606 $aImmunologic diseases 606 $aImmunology 606 $aImmunodeficiency 615 0$aImmunologic diseases. 615 0$aImmunology. 615 0$aImmunodeficiency. 676 $a354.81150006 702 $aMackay$b Ian R. 801 0$bMiAaPQ 801 1$bMiAaPQ 801 2$bUtOrBLW 906 $aBOOK 912 $a9910426055703321 996 $aEncyclopedia of Medical Immunology$91520325 997 $aUNINA LEADER 03869aam 2200421 n 450 001 9910874769403321 005 20250618102223 010 $a83-8142-777-0 035 $a(CKB)4100000011390015 035 $a(ceeol)ceeol894885 035 $a(CEEOL)894885 035 $a(EXLCZ)994100000011390015 100 $a20252218d2020 ||l | 101 0 $apol 200 1 $aMiasto wed?ug socjologii. Wybrane tematy$fAndrzej Majer 210 $a?ód? [Poland] $cWydawnictwo Uniwersytetu ?ódzkiego$d2020 215 $a1 online resource (1 p. 238) 225 $aUniwersytet ?ódzki 311 08$a83-8142-776-2 330 $aThe book A City from the Sociological Perspective: Selected Issues is a collection of sociological essays connecting two perspectives of seeing cities: the evolution of material space from the first settlements to contemporary metropolises and the changes in social space, which is the field of activity of many generations. The combination of these perspectives has allowed for a more complete description of the factors shaping cities in the past and still developing them. The book opens with an explanation of how cities can be analyzed, whereas the two chapters immediately following deals with the history of cities from the old towns to modern conurbations as well as with the variants of urbanization. The next chapter discusses the main features of modern cities. Later in his work, the author focuses on communities and their contemporary forms. The last two sections are devoted to the reflection of cities in the social consciousness, to their dynamics and spirit. There are references to general history, the history of city construction and demography, cultural anthropology and economic theories throughout the book. The main perspective is the sociological approach to cities, which for centuries have imprinted themselves on people's mentality, modified their lifestyles and dictated various forms of activity. This approach assumes that not buildings, but people, their social life and culture are the most important aspects of cities. Urban issues have always been important for many reasons, and today they are also worth discussing due to new phenomena and problems. Already by 2008, for the first time in history, the number of city dwellers had exceeded 50% of the world's population. The big cities acquire 1 million new inhabitants every week; by 2050, it is predicted, they will have accounted for more than two thirds of the planet's population. This volume is the outcome of a study of Polish and foreign, almost exclusively English-language literature, as well as many thoughts and many years of experience in the university didactics of urban sociology. The author believes that most of the destructive phenomena attributed to cities, which have been noticed for a long time, can be repaired or even removed provided that appropriate renewal strategies are implemented. He also expects the readers to agree with his outlook, and hopes that the book will encourage people to take an independent stance on particular issues. This publication may be of interest to students of faculties related in various ways to urban topics and to professionals whose work consists in solving everyday urban problems. 606 $aSocial sciences 606 $aEconomy 606 $aSociology 606 $aRural and urban sociology 606 $aSocio-Economic Research 615 0$aSocial sciences. 615 0$aEconomy 615 0$aSociology 615 0$aRural and urban sociology 615 0$aSocio-Economic Research 700 $aMajer$b Andrzej$01827659 712 02$aCentral and Eastern European Online Library 801 0$bceeol 801 1$bceeol 906 $aBOOK 912 $a9910874769403321 996 $aMiasto wed?ug socjologii. Wybrane tematy$94395797 997 $aUNINA LEADER 02239oas 2200877 a 450 001 9910145971803321 005 20260218111746.0 035 $a(DE-599)ZDB2494772-6 035 $a(OCoLC)335214840 035 $a(CONSER) 2010243417 035 $a(CKB)1000000000717878 035 $a(DE-599)2494772-6 035 $a(EXLCZ)991000000000717878 100 $a20081121a20099999 uy a 101 0 $aeng 135 $aurcn||||a|||| 181 $ctxt$2rdacontent 182 $cc$2rdamedia 183 $acr$2rdacarrier 200 00$aClinical epidemiology 210 $a[Auckland, N.Z.] $cDove Medical Press$d©2009- 215 $a1 online resource 300 $aRefereed/Peer-reviewed 300 $aArchived by the National Library of New Zealand. 300 $aHypertext links contained in the archived instances of this title are non-functional.$5Nz 311 08$a1179-1349 531 1 $aClin. epidemiol. 531 10$aClin Epidemiol 606 $aEpidemiology$vPeriodicals 606 $aClinical epidemiology$vPeriodicals 606 $aEpidemiology 606 $aEpidemiology$2fast$3(OCoLC)fst00914091 606 $aClinical epidemiology$2fast$3(OCoLC)fst00864353 608 $aPeriodical. 608 $aFulltext. 608 $aInternet Resources. 608 $aPeriodicals. 608 $aPeriodicals.$2fast 615 0$aEpidemiology 615 0$aClinical epidemiology 615 12$aEpidemiology. 615 7$aEpidemiology 615 7$aClinical epidemiology. 676 $a614.405 801 0$bNZ1 801 1$bNZ1 801 2$bOCLCQ 801 2$bNLM 801 2$bOCLCQ 801 2$bOCLCO 801 2$bOCLCQ 801 2$bOCLCF 801 2$bCUS 801 2$bOCLCO 801 2$bOCL 801 2$bEUW 801 2$bOCLCO 801 2$bOCLCQ 801 2$bOCLCO 801 2$bOCLCQ 801 2$bCASUM 801 2$bOCLCO 801 2$bOCLCQ 801 2$bOCLCA 801 2$bOCLCO 801 2$bOCLCA 801 2$bOCLCQ 801 2$bOCLCA 801 2$bBWN 801 2$bOCLCQ 801 2$bIOY 801 2$bOCLCQ 906 $aJOURNAL 912 $a9910145971803321 996 $aClinical epidemiology$9228574 997 $aUNINA